Um Herde : Erzählung /

Hlavní autor: Boborykin, Petr Dmitrijevič, 1836-1921
Další autoři: Röhl, Hermann, 1851-1923
Jazyk: Němčina
Vydáno: Zu Leipzig : im Insel-Verlag, [1924]
Edice: Insel-Bücherei
Fyzický popis: 65 stran ; 19 cm
Knihy
Uloženo v:
LEADER 00951nam a22002897i 4500
001 001883417
003 CZ BrMZK
005 20240119103257.0
007 ta
008 240119s1924 gw er|||||||||||ger d
040 |a BOA001  |b cze  |e rda 
041 1 |a ger  |h rus 
100 1 |a Boborykin, Petr Dmitrijevič,  |d 1836-1921  |7 xx0018882  |4 aut 
245 1 0 |a Um Herde :  |b Erzählung /  |c P.D. Boborykin ; aus dem Russischen übertragen von H. Röhl 
264 1 |a Zu Leipzig :  |b im Insel-Verlag,  |c [1924] 
300 |a 65 stran ;  |c 19 cm 
336 |a text  |b txt  |2 rdacontent 
337 |a bez média  |b n  |2 rdamedia 
338 |a svazek  |b nc  |2 rdacarrier 
490 0 |a Insel-Bücherei ;  |v Nr. 369 
700 1 |a Röhl, Hermann,  |d 1851-1923  |7 xx0099942  |4 trl 
830 0 |a Insel-Bücherei 
910 |a BOA001  |b 1-0086.853,369 
990 |a BK 
993 |a Y 
991 |b 202401 
996 6 |b 2618758597  |c 1-0086.853,369  |l MZK  |r Sklad / do 1 hodiny  |n 0  |w 001951103  |u 000010  |a 1  |e BOA001  |j MZK50  |s P